[Event "RUS-ch blitz (Women)"]
[Site "Sochi"]
[Date "2016.10.04"]
[Round "19.5"]
[White "Belenkaya, Dina"]
[Black "Kosteniuk, Alexandra"]
[Result "0-1"]
[WhiteElo "2313"]
[BlackElo "2537"]
[PlyCount "50"]
[EventDate "2016.10.04"]
[EventType "swiss (blitz)"]
[EventRounds "22"]
[EventCountry "RUS"]
[SourceTitle "EXT 2017"]
[Source "ChessBase"]
[SourceDate "2016.10.25"]
[SourceVersion "1"]
[SourceVersionDate "2016.10.25"]
[SourceQuality "1"]

1. e4 c5 2. Nf3 Nc6 3. Bb5 g6 4. O-O Bg7 5. Re1 Nh6 6. c3 O-O 7. h3 d5 8. exd5
Qxd5 9. Bxc6 Qxc6 10. Rxe7 Be6 11. d4 Nf5 12. d5 Rad8 13. Bg5 Rxd5 14. Nbd2
Nxe7 15. Bxe7 Re8 16. Bh4 Qd7 17. Qc1 Bf5 18. Bg5 Bd3 19. Be3 b6 20. a4 Rd8 21.
a5 Be2 22. axb6 axb6 23. Ra3 Bxf3 24. gxf3 Qxh3 25. Ra7 Rh5 0-1

[Event "RUS-ch blitz (Women)"]
[Site "Sochi"]
[Date "2016.10.04"]
[Round "20.5"]
[White "Kosteniuk, Alexandra"]
[Black "Belenkaya, Dina"]
[Result "1-0"]
[WhiteElo "2537"]
[BlackElo "2313"]
[PlyCount "65"]
[EventDate "2016.10.04"]
[EventType "swiss (blitz)"]
[EventRounds "22"]
[EventCountry "RUS"]
[SourceTitle "EXT 2017"]
[Source "ChessBase"]
[SourceDate "2016.10.25"]
[SourceVersion "1"]
[SourceVersionDate "2016.10.25"]
[SourceQuality "1"]

1. e4 c6 2. Nc3 d5 3. Nf3 Nf6 4. e5 Ne4 5. d4 Nxc3 6. bxc3 Bg4 7. Rb1 Qc7 8. h3
Bxf3 9. Qxf3 e6 10. Bd2 Nd7 11. c4 Be7 12. Bd3 dxc4 13. Bxc4 Nb6 14. Bd3 c5 15.
Bb5+ Kf8 16. dxc5 Qxe5+ 17. Kf1 Bxc5 18. Qxb7 Qf5 19. Be1 Qxc2 20. Rb3 Rd8 21.
Rc3 Qb1 22. Rxc5 Rd1 23. Ke2 Qb2+ 24. Kxd1 Qd4+ 25. Ke2 Qxc5 26. Qb8+ Ke7 27.
Qxa7+ Kf6 28. Qa5 Nd5 29. Kf1 Rb8 30. Bd3 Qc1 31. Qd2 Qa1 32. h4 Rb2 33. Qg5#
1-0

[Event "RUS-ch blitz (Women)"]
[Site "Sochi"]
[Date "2016.10.04"]
[Round "21.4"]
[White "Gritsayeva, Oksana"]
[Black "Kosteniuk, Alexandra"]
[Result "0-1"]
[WhiteElo "2321"]
[BlackElo "2537"]
[PlyCount "87"]
[EventDate "2016.10.04"]
[EventType "swiss (blitz)"]
[EventRounds "22"]
[EventCountry "RUS"]
[SourceTitle "EXT 2017"]
[Source "ChessBase"]
[SourceDate "2016.10.25"]
[SourceVersion "1"]
[SourceVersionDate "2016.10.25"]
[SourceQuality "1"]

1. e4 e5 2. Nf3 Nc6 3. Nc3 Nf6 4. Bb5 Nd4 5. Bc4 Bc5 6. O-O d6 7. h3 a6 8. a3
b5 9. Ba2 O-O 10. d3 h6 11. Nxd4 Bxd4 12. Ne2 Bb6 13. Ng3 Be6 14. Qe2 Qd7 15.
Be3 Rae8 16. Bxb6 cxb6 17. Bxe6 fxe6 18. Qe3 Qc6 19. c3 d5 20. Kh2 Qd6 21. Rad1
d4 22. cxd4 exd4 23. Qe2 Nd7 24. Kg1 Nc5 25. Qg4 Rf4 26. Qe2 Ref8 27. Nh5 R4f7
28. f4 Nd7 29. Qg4 Kh7 30. e5 Qe7 31. Ng3 g6 32. Ne4 Rg7 33. Rc1 Nc5 34. Nxc5
bxc5 35. Qe2 Rd8 36. Qe4 Rd5 37. Rf3 Qd7 38. Rg3 c4 39. Kh2 Rc5 40. h4 h5 41.
Rg5 Kh6 42. dxc4 bxc4 43. Rd1 d3 44. b3 0-1

[Event "RUS-ch blitz (Women)"]
[Site "Sochi"]
[Date "2016.10.04"]
[Round "22.4"]
[White "Kosteniuk, Alexandra"]
[Black "Gritsayeva, Oksana"]
[Result "1-0"]
[WhiteElo "2537"]
[BlackElo "2321"]
[PlyCount "83"]
[EventDate "2016.10.04"]
[EventType "swiss (blitz)"]
[EventRounds "22"]
[EventCountry "RUS"]
[SourceTitle "EXT 2017"]
[Source "ChessBase"]
[SourceDate "2016.10.25"]
[SourceVersion "1"]
[SourceVersionDate "2016.10.25"]
[SourceQuality "1"]

1. e4 c5 2. Nf3 e6 3. d4 cxd4 4. Nxd4 Nf6 5. Nc3 Qb6 6. Nb3 Nc6 7. Be3 Qd8 8.
Bd3 a6 9. a4 d5 10. exd5 Nxd5 11. Nxd5 Qxd5 12. O-O Be7 13. Nd2 O-O 14. Be4 Qd8
15. Nc4 Bf6 16. Bc5 Re8 17. Nd6 Rf8 18. Nxc8 Qxc8 19. Bxf8 Qxf8 20. c3 Qc5 21.
Qe2 g6 22. Rfd1 Kg7 23. h3 Rc8 24. Rd7 b5 25. axb5 axb5 26. Bxc6 Qxc6 27. Raa7
Rf8 28. Qf3 Qc4 29. Qd3 Qc6 30. Rab7 b4 31. Rxb4 Ra8 32. Qd1 g5 33. Rbb7 Qe4
34. Rxf7+ Kg6 35. Rxh7 Rd8 36. Qh5+ Kf5 37. Qf3+ Qxf3 38. gxf3 Rd1+ 39. Kg2 Rd2
40. Rhd7 Rc2 41. Rb5+ Kg6 42. Rd6 1-0

[Event "RUS-chT rapid"]
[Site "Sochi"]
[Date "2016.10.05"]
[Round "2.2"]
[White "Kosteniuk, Alexandra"]
[Black "Chigaev, Maksim"]
[Result "1/2-1/2"]
[WhiteElo "2537"]
[BlackElo "2551"]
[PlyCount "136"]
[EventDate "2016.10.05"]
[EventType "team-swiss (rapid)"]
[EventRounds "9"]
[EventCountry "RUS"]
[SourceTitle "EXT 2017"]
[Source "ChessBase"]
[SourceDate "2016.10.25"]
[SourceVersion "1"]
[SourceVersionDate "2016.10.25"]
[SourceQuality "1"]
[WhiteTeam "Krasnodar region"]
[BlackTeam "Bulbasaur Samara Region"]
[WhiteTeamCountry "RUS"]
[BlackTeamCountry "RUS"]

1. e4 e6 2. d4 d5 3. Nc3 Bb4 4. e5 Ne7 5. h4 b6 6. a3 Bxc3+ 7. bxc3 Ba6 8. Bxa6
Nxa6 9. h5 h6 10. Ne2 c5 11. Ng3 O-O 12. O-O Rc8 13. Bd2 Qd7 14. a4 Nb8 15. Be3
cxd4 16. cxd4 Nbc6 17. Ra3 Na5 18. Bc1 Qc6 19. Qg4 Kh8 20. Qh4 Ng8 21. Rf3 Qxc2
22. Ba3 Qxa4 23. Bxf8 Rxf8 24. Ne2 Nc6 25. Qf4 Nge7 26. g4 Qc2 27. Ng3 Qb2 28.
Rd3 a5 29. g5 hxg5 30. Qxg5 f6 31. exf6 Rxf6 32. Qg4 e5 33. h6 gxh6 34. Qh4 Ng8
35. dxe5 Nxe5 36. Re3 Nf3+ 37. Rxf3 Rxf3 38. Qh5 Rf8 39. Qxd5 Qf6 40. Qd2 Qg5
41. Qb2+ Qf6 42. Qd2 a4 43. Qb4 Ra8 44. Qa3 Qf8 45. Qb2+ Qf6 46. Qa3 Ra5 47.
Rd1 h5 48. Rd6 Qg7 49. Rxb6 h4 50. Rb4 hxg3 51. Rh4+ Nh6 52. Rxh6+ Qxh6 53.
Qc3+ Kg8 54. Qc4+ Kg7 55. Qc7+ Kg8 56. Qc4+ Kf8 57. Qc8+ Kf7 58. Qc7+ Kg6 59.
Qb6+ Kh7 60. Qc7+ Kg8 61. Qc4+ Kh8 62. Qc8+ Kg7 63. Qc7+ Kg8 64. Qc4+ Kh7 65.
Qc7+ Kg6 66. Qb6+ Kh5 67. Qxa5+ Kg4 68. Qxa4+ Qf4 1/2-1/2

[Event "RUS-chT rapid"]
[Site "Sochi"]
[Date "2016.10.05"]
[Round "3.4"]
[White "Rozum, Ivan"]
[Black "Kosteniuk, Alexandra"]
[Result "1-0"]
[WhiteElo "2590"]
[BlackElo "2537"]
[PlyCount "109"]
[EventDate "2016.10.05"]
[EventType "team-swiss (rapid)"]
[EventRounds "9"]
[EventCountry "RUS"]
[SourceTitle "EXT 2017"]
[Source "ChessBase"]
[SourceDate "2016.10.25"]
[SourceVersion "1"]
[SourceVersionDate "2016.10.25"]
[SourceQuality "1"]
[WhiteTeam "Vologda Region"]
[BlackTeam "Krasnodar region"]
[WhiteTeamCountry "RUS"]
[BlackTeamCountry "RUS"]

1. Nf3 Nf6 2. g3 d5 3. Bg2 c6 4. O-O Bf5 5. c4 e6 6. Qb3 Qb6 7. d3 Nbd7 8. Be3
Qxb3 9. axb3 a6 10. Nc3 Rc8 11. Nd4 Bg6 12. cxd5 exd5 13. Nc2 Bd6 14. b4 O-O
15. Na4 Rfe8 16. Rfe1 h6 17. Bd4 Re7 18. f4 Rce8 19. Bf3 Bf5 20. Nc5 Bxc5 21.
bxc5 g5 22. Kf2 Ng4+ 23. Bxg4 Bxg4 24. Ne3 f5 25. Ra3 Bh5 26. Rb3 Nf8 27. Be5
Rf7 28. Ra1 Rxe5 29. fxe5 Ne6 30. Rc1 Nd4 31. Rb4 Nxe2 32. Rc2 f4 33. g4 fxe3+
34. Kxe3 d4+ 35. Kxe2 Bxg4+ 36. Ke1 Rd7 37. Rcc4 Be6 38. Rxd4 Bd5 39. Rb6 Kf7
40. Rdb4 Ke6 41. Rxb7 Rxb7 42. Rxb7 Kxe5 43. Kd2 Kf4 44. Rh7 g4 45. Rxh6 Kf3
46. b4 Kg2 47. Ke3 Bf3 48. Kf4 Kf2 49. d4 Ke2 50. Rg6 Kd3 51. Rxg4 Bd5 52. Ke5
Kc4 53. h4 Kxb4 54. h5 Bf3 55. Rh4 1-0

[Event "RUS-chT rapid"]
[Site "Sochi"]
[Date "2016.10.05"]
[Round "5.5"]
[White "Zakhartsov, Vladimir"]
[Black "Kosteniuk, Alexandra"]
[Result "0-1"]
[WhiteElo "2452"]
[BlackElo "2537"]
[PlyCount "94"]
[EventDate "2016.10.05"]
[EventType "team-swiss (rapid)"]
[EventRounds "9"]
[EventCountry "RUS"]
[SourceTitle "EXT 2017"]
[Source "ChessBase"]
[SourceDate "2016.10.25"]
[SourceVersion "1"]
[SourceVersionDate "2016.10.25"]
[SourceQuality "1"]
[WhiteTeam "Moscow SSHOR Youth"]
[BlackTeam "Krasnodar region"]
[WhiteTeamCountry "RUS"]
[BlackTeamCountry "RUS"]

1. e4 c5 2. Nf3 Nc6 3. d4 cxd4 4. Nxd4 Nf6 5. Nc3 d6 6. Bg5 e6 7. Qd2 a6 8.
O-O-O h6 9. Nxc6 bxc6 10. Bf4 d5 11. e5 Nd7 12. h4 Qa5 13. Kb1 Rb8 14. Rh3 Qb4
15. Qc1 Bc5 16. Bd2 Bd4 17. f4 Qe7 18. Be1 Bxc3 19. Rxc3 c5 20. Rg3 O-O 21. f5
exf5 22. Rxd5 Kh7 23. Bc3 Nb6 24. e6 f6 25. Rxf5 Na4 26. Bd3 Nxc3+ 27. Ka1 c4
28. Rfg5+ cxd3 29. Rxg7+ Qxg7 30. Rxg7+ Kxg7 31. cxd3 Nd5 32. Qc6 Ne7 33. Qd6
Rb7 34. Qg3+ Kh7 35. Qf4 Rb6 36. Qe4+ f5 37. Qf4 Rxe6 38. b3 Rg8 39. Kb2 Rxg2+
40. Ka3 Ree2 41. Qc7 Rxa2+ 42. Kb4 Rg7 43. Qd6 f4 44. Kc4 Rc2+ 45. Kb4 f3 46.
Ka3 f2 47. Qf6 Bf5 0-1

[Event "RUS-chT rapid"]
[Site "Sochi"]
[Date "2016.10.06"]
[Round "6.4"]
[White "Kosteniuk, Alexandra"]
[Black "Iljin, Timofey"]
[Result "1/2-1/2"]
[WhiteElo "2537"]
[BlackElo "2279"]
[PlyCount "98"]
[EventDate "2016.10.05"]
[EventType "team-swiss (rapid)"]
[EventRounds "9"]
[EventCountry "RUS"]
[SourceTitle "EXT 2017"]
[Source "ChessBase"]
[SourceDate "2016.10.25"]
[SourceVersion "1"]
[SourceVersionDate "2016.10.25"]
[SourceQuality "1"]
[WhiteTeam "Krasnodar region"]
[BlackTeam "Krymstar Crimea"]
[WhiteTeamCountry "RUS"]
[BlackTeamCountry "RUS"]

1. e4 c5 2. Nf3 Nc6 3. d4 cxd4 4. Nxd4 Nf6 5. Nc3 e5 6. Ndb5 d6 7. Bg5 a6 8.
Na3 b5 9. Bxf6 gxf6 10. Nd5 Bg7 11. Bd3 Ne7 12. Nxe7 Qxe7 13. c4 f5 14. O-O O-O
15. Qf3 Qb7 16. Qe2 d5 17. cxd5 fxe4 18. Bxe4 f5 19. Bc2 e4 20. Bb3 Kh8 21.
Rad1 Bd7 22. Nc2 Qb6 23. Qe3 Qxe3 24. fxe3 Bxb2 25. Nd4 Rac8 26. Rf2 Ba3 27. g3
a5 28. d6 Rf6 29. g4 a4 30. Bd5 Rxd6 31. Nxf5 Bxf5 32. Rxf5 Rcd8 33. Kf2 Bc5
34. Rc1 Ba3 35. Rd1 Bc5 36. Rc1 Ba3 37. Rd1 Bc5 38. Rc1 Ba3 39. Rd1 Bb2 40. Rb1
Rxd5 41. Rxd5 Rxd5 42. Rxb2 a3 43. Rb3 Rd2+ 44. Kg3 Rd3 45. Rxb5 Rxe3+ 46. Kf4
Re2 47. Ra5 Rxa2 48. Kxe4 Ra1 49. Kf4 Rh1 1/2-1/2

[Event "RUS-chT rapid"]
[Site "Sochi"]
[Date "2016.10.06"]
[Round "7.1"]
[White "Kosteniuk, Alexandra"]
[Black "Dreev, Alexey"]
[Result "1/2-1/2"]
[WhiteElo "2537"]
[BlackElo "2660"]
[PlyCount "90"]
[EventDate "2016.10.05"]
[EventType "team-swiss (rapid)"]
[EventRounds "9"]
[EventCountry "RUS"]
[SourceTitle "EXT 2017"]
[Source "ChessBase"]
[SourceDate "2016.10.25"]
[SourceVersion "1"]
[SourceVersionDate "2016.10.25"]
[SourceQuality "1"]
[WhiteTeam "Krasnodar region"]
[BlackTeam "Moscow SHSM"]
[WhiteTeamCountry "RUS"]
[BlackTeamCountry "RUS"]

1. e4 c6 2. d4 d5 3. e5 Bf5 4. Nf3 e6 5. Be2 Nd7 6. O-O Bb4 7. c3 Ba5 8. Nbd2
h6 9. b4 Bc7 10. a4 Ne7 11. Nb3 O-O 12. Nh4 Bh7 13. f4 a5 14. Bd3 Be4 15. Ba3
f5 16. bxa5 Rf7 17. Bb4 g5 18. fxg5 hxg5 19. Nf3 Ng6 20. Qd2 Bxd3 21. Qxd3 g4
22. Nfd2 Qg5 23. c4 Re8 24. Rae1 Kg7 25. cxd5 cxd5 26. Bd6 Bd8 27. Rf2 Rh8 28.
Nf1 f4 29. g3 Rh3 30. Nc5 Nxc5 31. Bxc5 Bxa5 32. Rb1 Bd8 33. Bb4 Rh8 34. Bd2 b6
35. a5 bxa5 36. gxf4 Nxf4 37. Bxf4 Rxf4 38. Rb7+ Kh6 39. Qa6 Rxf2 40. Qxe6+ Rf6
41. exf6 Qxf6 42. Qe3+ Qg5 43. Qe6+ Qf6 44. Qe3+ Qg5 45. Qe6+ Qf6 1/2-1/2

[Event "RUS-chT rapid"]
[Site "Sochi"]
[Date "2016.10.06"]
[Round "8.4"]
[White "Romanov, Evgeny"]
[Black "Kosteniuk, Alexandra"]
[Result "1-0"]
[WhiteElo "2619"]
[BlackElo "2537"]
[PlyCount "113"]
[EventDate "2016.10.05"]
[EventType "team-swiss (rapid)"]
[EventRounds "9"]
[EventCountry "RUS"]
[SourceTitle "EXT 2017"]
[Source "ChessBase"]
[SourceDate "2016.10.25"]
[SourceVersion "1"]
[SourceVersionDate "2016.10.25"]
[SourceQuality "1"]
[WhiteTeam "St Petersburg SDYUSSHOR"]
[BlackTeam "Krasnodar region"]
[WhiteTeamCountry "RUS"]
[BlackTeamCountry "RUS"]

1. d4 Nf6 2. Nf3 e6 3. Bf4 d5 4. e3 c5 5. c3 Nc6 6. Nbd2 Bd6 7. Bg3 O-O 8. Bd3
Ne7 9. Qe2 Qb6 10. Rb1 cxd4 11. exd4 Nf5 12. Be5 Ng4 13. Bxd6 Qxd6 14. Ne5 Nf6
15. O-O Qc7 16. f4 Nd6 17. Rf3 Rb8 18. Rh3 g6 19. Qe1 Qd8 20. g4 Nd7 21. Ndf3
Qf6 22. Ng5 Qxf4 23. Qh4 h5 24. Rf1 Qd2 25. gxh5 f6 26. Nxe6 g5 27. Qg3 Nxe5
28. Bh7+ Kh8 29. Nxf8 Bxh3 30. Qxh3 g4 31. Qg3 Rxf8 32. dxe5 Kxh7 33. exd6 Qxb2
34. d7 Qb6+ 35. Kh1 Qe6 36. Qc7 Qe4+ 37. Kg1 Qe3+ 38. Kh1 Qe4+ 39. Kg1 Qe3+ 40.
Rf2 Qe1+ 41. Kg2 Qe4+ 42. Kf1 Qb1+ 43. Kg2 Qe4+ 44. Kf1 Qb1+ 45. Ke2 Qxa2+ 46.
Ke3 d4+ 47. cxd4 Qa3+ 48. Kf4 Kh6 49. d8=Q Rxd8 50. Qxd8 Qc1+ 51. Kxg4 Qg1+ 52.
Kf3 Qd1+ 53. Re2 Qd3+ 54. Kf2 Qf5+ 55. Ke3 Qe6+ 56. Kf4 Qxe2 57. Qh8# 1-0

[Event "RUS-chT rapid"]
[Site "Sochi"]
[Date "2016.10.06"]
[Round "9.4"]
[White "Ponkratov, Pavel"]
[Black "Kosteniuk, Alexandra"]
[Result "0-1"]
[WhiteElo "2589"]
[BlackElo "2537"]
[PlyCount "110"]
[EventDate "2016.10.05"]
[EventType "team-swiss (rapid)"]
[EventRounds "9"]
[EventCountry "RUS"]
[SourceTitle "EXT 2017"]
[Source "ChessBase"]
[SourceDate "2016.10.25"]
[SourceVersion "1"]
[SourceVersionDate "2016.10.25"]
[SourceQuality "1"]
[WhiteTeam "Malachite Sverdlovsk Region"]
[BlackTeam "Krasnodar region"]
[WhiteTeamCountry "RUS"]
[BlackTeamCountry "RUS"]

1. Nf3 Nf6 2. g3 d5 3. Bg2 Bf5 4. O-O c6 5. d3 e6 6. c4 Na6 7. Nh4 Bg6 8. cxd5
exd5 9. Nxg6 hxg6 10. e4 dxe4 11. dxe4 Qxd1 12. Rxd1 Bc5 13. h3 O-O 14. Nc3
Rad8 15. Bg5 Rxd1+ 16. Rxd1 Re8 17. Kf1 Bb4 18. f3 Bxc3 19. bxc3 Nc5 20. Be3
Na4 21. c4 Nb2 22. Rc1 Nd7 23. Rc2 Na4 24. Ke2 f5 25. exf5 gxf5 26. Kf2 Ndc5
27. Bf1 Kf7 28. Rd2 a6 29. g4 fxg4 30. hxg4 Rh8 31. Kg3 Re8 32. Bf2 g5 33. Rd6
Ne6 34. Be3 Ke7 35. Rd2 Rd8 36. Rh2 Rd1 37. Be2 Re1 38. Bd2 Rg1+ 39. Kf2 Ra1
40. Rh7+ Kd6 41. Rxb7 Rxa2 42. Ke1 Nd4 43. Rf7 Nc5 44. Bxg5 Rxe2+ 45. Kf1 Nd3
46. Bh4 Kc5 47. Bg3 Rb2 48. g5 Ne2 49. Bc7 Kd4 50. g6 Ke3 51. g7 Rb1+ 52. Kg2
Rg1+ 53. Kh2 Rg6 54. Kh3 Ndf4+ 55. Kh4 Kxf3 0-1

[Event "RUS-ch (Women) 66th"]
[Site "Novosibirsk"]
[Date "2016.10.16"]
[Round "1"]
[White "Bodnaruk, Anastasia"]
[Black "Kosteniuk, Alexandra"]
[Result "0-1"]
[WhiteElo "2463"]
[BlackElo "2537"]
[PlyCount "138"]
[EventDate "2016.10.16"]
[EventType "tourn"]
[EventRounds "11"]
[EventCountry "RUS"]
[EventCategory "8"]
[SourceTitle "EXT 2017"]
[Source "ChessBase"]
[SourceDate "2016.10.25"]
[SourceVersion "1"]
[SourceVersionDate "2016.10.25"]
[SourceQuality "1"]

1. e4 e5 2. Nc3 Nf6 3. g3 d5 4. exd5 Nxd5 5. Bg2 Nxc3 6. bxc3 Bc5 7. Ne2 O-O 8.
d4 Bb6 9. O-O c6 10. h3 Nd7 11. g4 Qh4 12. Be3 f5 13. gxf5 Rxf5 14. Qd2 Rf8 15.
Bg5 Qh5 16. Ng3 Qg6 17. Rae1 h6 18. Be7 Re8 19. Ba3 Nf6 20. Kh2 e4 21. f4 Bc7
22. c4 Qf7 23. Nxe4 Nxe4 24. Bxe4 Bxh3 25. Kxh3 Rxe4 26. Rxe4 Qf5+ 27. Kg3 Qxe4
28. Qd3 Qxd3+ 29. cxd3 Rd8 30. Kf3 Rxd4 31. Ke3 Rd7 32. d4 Bb6 33. Rd1 Rd8 34.
Ke4 Re8+ 35. Kf3 Rd8 36. d5 cxd5 37. cxd5 Kf7 38. Rd3 Rc8 39. f5 Rc2 40. d6
Rf2+ 41. Ke4 Rxa2 42. d7 Bd8 43. Bd6 h5 44. Be5 h4 45. Bd4 Ra6 46. Be5 Rh6 47.
Bf4 Rc6 48. Be5 a5 49. Rb3 b6 50. Rd3 Rh6 51. Bf4 Rc6 52. Be5 a4 53. Rd1 Rc4+
54. Kd5 Rc5+ 55. Ke4 g6 56. fxg6+ Kxg6 57. Rf1 a3 58. Rf8 a2 59. Bh8 h3 60.
Rxd8 h2 61. Rg8+ Kh7 62. d8=Q h1=Q+ 63. Ke3 Qe1+ 64. Kd3 Qd1+ 65. Ke3 Qb3+ 66.
Kf4 Qf7+ 67. Ke3 Qe6+ 68. Kf4 Rf5+ 69. Kg3 Qxg8+ 0-1

[Event "RUS-ch (Women) 66th"]
[Site "Novosibirsk"]
[Date "2016.10.17"]
[Round "2"]
[White "Kosteniuk, Alexandra"]
[Black "Gunina, Valentina"]
[Result "1-0"]
[WhiteElo "2537"]
[BlackElo "2535"]
[PlyCount "57"]
[EventDate "2016.10.16"]
[EventType "tourn"]
[EventRounds "11"]
[EventCountry "RUS"]
[EventCategory "8"]
[SourceTitle "EXT 2017"]
[Source "ChessBase"]
[SourceDate "2016.10.25"]
[SourceVersion "1"]
[SourceVersionDate "2016.10.25"]
[SourceQuality "1"]

1. e4 c6 2. d4 d5 3. Nd2 dxe4 4. Nxe4 Bf5 5. Ng3 Bg6 6. h4 h6 7. Nf3 e6 8. Ne5
Bh7 9. Bd3 Bxd3 10. Qxd3 Nd7 11. Bf4 Nxe5 12. Bxe5 Qa5+ 13. c3 O-O-O 14. Qe2
Nf6 15. O-O Bd6 16. h5 Bxe5 17. dxe5 Nd5 18. Qg4 Rhg8 19. Rfd1 g6 20. Rd4 Qb6
21. Rad1 Qxb2 22. Qf3 gxh5 23. Ne4 Qa3 24. Nd6+ Rxd6 25. exd6 f5 26. Qxh5 Qxd6
27. c4 Nf6 28. Qf7 Rf8 29. Qxf6 1-0

[Event "RUS-ch (Women) 66th"]
[Site "Novosibirsk"]
[Date "2016.10.18"]
[Round "3"]
[White "Voit, Daria"]
[Black "Kosteniuk, Alexandra"]
[Result "0-1"]
[WhiteElo "2386"]
[BlackElo "2537"]
[PlyCount "72"]
[EventDate "2016.10.16"]
[EventType "tourn"]
[EventRounds "11"]
[EventCountry "RUS"]
[EventCategory "8"]
[SourceTitle "EXT 2017"]
[Source "ChessBase"]
[SourceDate "2016.10.25"]
[SourceVersion "1"]
[SourceVersionDate "2016.10.25"]
[SourceQuality "1"]

1. Nf3 Nf6 2. c4 e6 3. g3 c5 4. b3 Be7 5. Bb2 O-O 6. Bg2 d5 7. e3 Qb6 8. d3 Nc6
9. O-O d4 10. exd4 cxd4 11. Qe2 Nd7 12. Na3 e5 13. Nc2 a5 14. Nfxd4 exd4 15.
Bxc6 bxc6 16. Qxe7 c5 17. Rae1 Ra7 18. Ba3 Rc7 19. f3 Bb7 20. Bc1 Nf6 21. Qe5
h6 22. Bf4 Rc6 23. Qe2 Nh5 24. Bd2 Rg6 25. Qe7 Nxg3 26. hxg3 Rxg3+ 27. Kh2 Qg6
28. Re2 Bxf3 29. Rxf3 Rxf3 30. Rg2 Qh5+ 31. Kg1 Rxd3 32. Ne1 Rh3 33. Bxa5 Rh1+
34. Kf2 Qf5+ 35. Nf3 Ra8 36. Bd2 Rxa2 0-1

[Event "RUS-ch (Women) 66th"]
[Site "Novosibirsk"]
[Date "2016.10.19"]
[Round "4"]
[White "Kosteniuk, Alexandra"]
[Black "Kashlinskaya, Alina"]
[Result "1-0"]
[WhiteElo "2537"]
[BlackElo "2462"]
[PlyCount "69"]
[EventDate "2016.10.16"]
[EventType "tourn"]
[EventRounds "11"]
[EventCountry "RUS"]
[EventCategory "8"]
[SourceTitle "EXT 2017"]
[Source "ChessBase"]
[SourceDate "2016.10.25"]
[SourceVersion "1"]
[SourceVersionDate "2016.10.25"]
[SourceQuality "1"]

1. c4 Nf6 2. Nc3 e6 3. e4 d5 4. e5 d4 5. exf6 dxc3 6. bxc3 Qxf6 7. Bd3 Nc6 8.
Be4 Bd6 9. d4 e5 10. c5 Be7 11. Nf3 exd4 12. O-O Bxc5 13. Bg5 Qd6 14. Re1 O-O
15. cxd4 Bb4 16. Re3 h6 17. Bh4 Bg4 18. Bg3 Qd7 19. d5 f5 20. Qb3 Na5 21. Qxb4
fxe4 22. Ne5 Qxd5 23. Nxg4 h5 24. Ne5 h4 25. Ng6 Nc6 26. Qxb7 Qd4 27. Qb3+ Rf7
28. Rd1 Qf6 29. Nxh4 Nd4 30. Qc4 Rd8 31. Rde1 g5 32. Rxe4 gxh4 33. Bxh4 Nf3+
34. gxf3 Qxf3 35. Re8+ 1-0

[Event "RUS-ch (Women) 66th"]
[Site "Novosibirsk"]
[Date "2016.10.21"]
[Round "6"]
[White "Kosteniuk, Alexandra"]
[Black "Girya, Olga"]
[Result "1/2-1/2"]
[WhiteElo "2537"]
[BlackElo "2446"]
[PlyCount "91"]
[EventDate "2016.10.16"]
[EventType "tourn"]
[EventRounds "11"]
[EventCountry "RUS"]
[EventCategory "8"]
[SourceTitle "EXT 2017"]
[Source "ChessBase"]
[SourceDate "2016.10.25"]
[SourceVersion "1"]
[SourceVersionDate "2016.10.25"]
[SourceQuality "1"]

1. c4 c6 2. d4 d5 3. Nf3 Nf6 4. e3 Bg4 5. h3 Bh5 6. cxd5 Bxf3 7. Qxf3 cxd5 8.
Nc3 Nc6 9. Bd3 e6 10. O-O Bd6 11. Bd2 O-O 12. Rad1 Re8 13. Qe2 a6 14. f4 b5 15.
Be1 b4 16. Na4 Qa5 17. b3 Ne7 18. a3 Ne4 19. Bxe4 dxe4 20. axb4 Bxb4 21. Nc5
Reb8 22. Bxb4 Rxb4 23. Qc2 Rc8 24. Ra1 Qb5 25. Qd2 Rd8 26. Qe1 a5 27. Rf2 h6
28. Rfa2 Nc6 29. Qf2 Rd5 30. Rc1 Ne7 31. Qc2 Nf5 32. Qxe4 Nxd4 33. exd4 Rbxd4
34. Qc2 Rd2 35. Qxd2 Rxd2 36. Rxd2 Qb4 37. Rd8+ Kh7 38. Nd7 h5 39. f5 exf5 40.
Rc6 f6 41. Nxf6+ gxf6 42. Rc7+ Kg6 43. Rg8+ Kh6 44. Rh8+ Kg6 45. Rg8+ Kh6 46.
Rh8+ 1/2-1/2

[Event "RUS-ch (Women) 66th"]
[Site "Novosibirsk"]
[Date "2016.10.23"]
[Round "7"]
[White "Galliamova, Alisa"]
[Black "Kosteniuk, Alexandra"]
[Result "1/2-1/2"]
[WhiteElo "2450"]
[BlackElo "2537"]
[PlyCount "63"]
[EventDate "2016.10.16"]
[EventType "tourn"]
[EventRounds "11"]
[EventCountry "RUS"]
[EventCategory "8"]
[SourceTitle "EXT 2017"]
[Source "ChessBase"]
[SourceDate "2016.10.25"]
[SourceVersion "1"]
[SourceVersionDate "2016.10.25"]
[SourceQuality "1"]

1. d4 Nf6 2. c4 e6 3. Nf3 b6 4. a3 Bb7 5. Nc3 d5 6. Bg5 Be7 7. Qa4+ Bc6 8. Qc2
dxc4 9. e3 b5 10. a4 b4 11. Bxf6 gxf6 12. Nb1 b3 13. Qxc4 Bd5 14. Qc1 Nc6 15.
Bb5 Qd7 16. a5 Rb8 17. Ba4 Kf8 18. Nbd2 Bb4 19. O-O Qd6 20. e4 Bxd2 21. Nxd2
Nxd4 22. Re1 Bc6 23. e5 fxe5 24. Nc4 Qd5 25. Bxc6 Nxc6 26. Qh6+ Ke8 27. Qg7 Ke7
28. Qg5+ Kf8 29. Qh6+ Ke8 30. Qg7 Ke7 31. Qg5+ Kf8 32. Qh6+ 1/2-1/2

[Event "RUS-ch (Women) 66th"]
[Site "Novosibirsk"]
[Date "2016.10.24"]
[Round "8"]
[White "Kosteniuk, Alexandra"]
[Black "Goryachkina, Aleksandra"]
[Result "1-0"]
[WhiteElo "2537"]
[BlackElo "2460"]
[PlyCount "91"]
[EventDate "2016.10.16"]
[EventType "tourn"]
[EventRounds "11"]
[EventCountry "RUS"]
[EventCategory "8"]
[SourceTitle "EXT 2018"]
[Source "ChessBase"]
[SourceDate "2017.10.13"]
[SourceVersion "1"]
[SourceVersionDate "2017.10.13"]
[SourceQuality "1"]

1. e4 c5 2. Nf3 d6 3. Bb5+ Bd7 4. Bxd7+ Qxd7 5. d4 cxd4 6. Qxd4 Nc6 7. Qd3 e6
8. Nc3 Nf6 9. Bf4 Be7 10. O-O-O Rd8 11. Qe2 O-O 12. h4 d5 13. e5 Qc7 14. Nb5
Qb8 15. Ng5 Bc5 16. Bg3 Nd7 17. Qd3 g6 18. f4 h5 19. Be1 a6 20. Nc3 Kg7 21. g4
Rh8 22. gxh5 Rxh5 23. Ne2 Rdh8 24. Ng3 R5h6 25. Nf3 Ne7 26. Rh2 Kf8 27. Kb1 b5
28. Bd2 Nf5 29. Nxf5 gxf5 30. Be3 Qb6 31. Bxc5+ Qxc5 32. Qd2 b4 33. Rg2 Nb6 34.
b3 a5 35. Kb2 R6h7 36. Rdg1 Nc8 37. Rc1 Ne7 38. c3 Ke8 39. cxb4 Qxb4 40. Rc3
Kd7 41. Qf2 Nc6 42. a3 Qb5 43. Nd4 Nxd4 44. Qxd4 Rb8 45. Rgc2 Rb7 46. Qg1 1-0